00765nam a2200181Ia 4500001001000000003000500010008004100015010001100056040000900067100003600076245023200112260003400344300002100378502005700399520004100456700003600497710005000533Para_9940CHAP220125sOctu xx 000 0 und d a208604 cCHAP aGutiérrez González, Gustavo aControl Biorracional de la Cenicilla del rosal (Sphaerotheca pannosa (Wallr. Ex. Fr.) Lev. Var. rosae Wor.) en la Valenciana, Villa Guerrero, Estado de México /c Gustavo Gutiérrez González; Director Marcelo Acosta Ramos aChapingo, Méx. :b el autor a1 CD ROM (96 p.) aTesis (Ing. Agr. Esp. en Parasitología Agrícola  a(M.C. en Protección Vegetal) UACh. aAcosta Ramos, Marcelo. Director aUACh. Departamento Parasitología Agrícola